000 03227nam0a2200517 4500
001 RU\NLR\bibl\1507420
005 20260406125351.0
010 _a978-5-8044-0992-1
_9450
021 _aRU
_b2010-21404
_91443
035 _a(nilc)RSL-KNO-004620739
035 _a(NLR Aleph) 001498836
090 _a1791076
_c1791076
100 _a20100330d2009 |||y0rusy50 ca
101 0 _arus
_aeng
_deng
102 _aRU
105 _aa zzzz|||||
200 1 _aНасекомые Лазовского Заповедника
_dInsects of Lazovsky nature reserve
_e[монография
_fАнуфриев Г. А., Белокобыльский С.А., Беляев Е.А. и др.
_gредкол. : С. Ю. Стороженко (отв. ред.) и др.]
_gРоссийская акад. наук, Дальневосточное отд-ние, Биолого-почвенный ин-т, Лазовский гос. природный заповедник им. Л. Г. Капланова
_zeng
210 _aВладивосток
_cДальнаука
_d2009
215 _a463 с., [8] л. цв. ил.
_cкарта
_d25
300 _aАвт. указаны на 8-11-й с.
300 _aНа авантит. : 75-летию Лазовского гос. природного заповедника им. Л. Г. Капланова
300 _aРез. на англ. яз.
320 _aБиблиогр.: с. 397-430
320 _aУказ. лат. назв. насекомых, пауков и многоножек: с. 431-463
510 0 _aInsects of Lazovsky nature reserve
_zeng
601 0 2 _aЛазовский государственный природный заповедник им. Л.Г. Капланова
_cПриморский край
_92603681
_3RU\NLR\auth\661540239
606 1 _aНасекомые
_yПриморский край
_92228268
_3RU\NLR\auth\661337564
610 0 _aБиологические науки -- Зоология -- Систематика животных -- Беспозвоночные -- Членистоногие -- Насекомые -- География насекомых
610 0 _aБиологические науки -- Зоология -- Зоогеография -- Российская Федерация -- Приморский край
610 0 _aПриморский край
686 _aЕ691.89-85,0
_2rubbk
686 _aЕ685.9(2Р55-4Пр),0
_2rubbk
686 _aЕ691.89(2Р55-4Пр)
686 _aБ12(2)Лазовский
701 1 _aАнуфриев
_bГ. А.
_4070
701 1 _aБелокобыльский
_bС. А.
_4070
701 1 _4070
_8rus
_7ca
_aБеляев
_bЕ. А.
_cд-р биол. наук
_gЕвгений Анатольевич
_3RU\NLR\auth\7742867
_925810
702 1 _aСтороженко
_bС. Ю.
_f1955-
_gСергей Юрьевич
_4340
712 0 2 _4570
_aЛазовский государственный природный заповедник им. Л. Г. Капланова
_cПриморский край
_3RU\NLR\AUTH\8818586
_9310414
801 0 _aRU
_bРГБ
_c20100330
_grcr
801 1 _aRU
_bРГБ
_c20100330
801 2 _aRU
_bNLR
_c20100504
_grcr
942 _cBOOK
980 _aNB
980 _aNBR